000 01310nam a2200289Ia 4500
001 ebr10229733
003 CaPaEBR
006 m u
007 cr cn|||||||||
008 900614s2008 enka sb 000 0 eng d
020 _z9781846638640
040 _aCaPaEBR
_cCaPaEBR
035 _a(OCoLC)646747691
050 1 4 _aTX911.3.M27
_bI5523 2008eb
245 0 0 _aInternational journal of contemporary hospitality management.
_nVolume 20, Number 3,
_pHow should Niagara region respond to the challenges it faces and find solutions to preserve and develop its tourism industry?
_h[electronic resource].
260 _a[Bradford, England] :
_bEmerald,
_c2008.
300 _ap. 243-368 :
_bill.
490 0 _aInternational journal of contemporary hospitality management ;
_vv. 20, no. 3
504 _aIncludes bibliographical references.
533 _aElectronic reproduction.
_bPalo Alto, Calif. :
_cebrary,
_d2009.
_nAvailable via World Wide Web.
_nAccess may be limited to ebrary affiliated libraries.
650 0 _aHospitality industry
_xManagement.
650 0 _aManagement.
650 0 _aTourism.
655 7 _aElectronic books.
_2local
710 2 _aebrary, Inc.
856 4 0 _uhttp://site.ebrary.com/lib/rucke/Doc?id=10229733
_zAn electronic book accessible through the World Wide Web; click to view
999 _c39050
_d39050